000 01830cam a2200493 4500
001 23472
003 VRT
005 20260624111145.0
008 200205s2017 xo a j 000 j slo
015 _aSNBA2018/02
020 _a9788089743254
_q(brožované)
035 _aurn:nbn:sk:snk-am00d6x2
035 _aurn:nbn:sk:snk-am3hrpt
035 _a8D109888-8821-4282-B65E-2D48A88341D3
039 9 _a202407162107
_bAUTHORITY
_c202407162050
_dAUTHORITY
_c202407162048
_dAUTHORITY
_c202002051840
_dVLOAD
040 _aZKSE
_bslo
_cZKSE
_dSNK
_erda
041 0 _aslo
044 _axo
_cSK
072 7 _a821.162.4-3
_xSlovenská próza
_2konspekt
080 _a821.162.4-32
_22011
080 _a(03)82-93-053.4/.6
_22011
080 _a(0:82-321.3)
_22001
100 1 _aVišváder, František,
_d1934-2024
_4aut
245 1 0 _aBláznivé leto
_btrampoty dvoch neviditeľných
_cFrantišek Višváder ; ilustroval Peter Rybár
250 _avydanie prvé
264 1 _aBratislava
_bHlbiny s.r.o.
_c2017
300 _a182 strán
_bilustrácie
_c23 cm
336 _atext
_btxt
_2rdacontent
337 _abez média
_bn
_2rdamedia
338 _azväzok
_bnc
_2rdacarrier
655 7 _aslovenské poviedky
_2SNKPH
655 7 _apublikácie pre deti a mládež
_2SNKPH
655 7 _adobrodružné poviedky
_2SNKPH
655 7 _aSlovak tales
_2SNKPHeng
655 7 _aPublications for children and youth
_2SNKPHeng
655 7 _aAdventure short stories
_2SNKPHeng
700 1 _aRybár, Peter
_4ill
942 _2ddc
_cKLDE
_n0
949 _617A1306581
_asnkSC 177423
_bsnk2018/247
_o2471/17
_s6100:20180227
949 _617A1306582
_asnkSC 177423 D1
_bsnk2018/248
_o2471/17
949 _6273K0616573
_asvkpoB 101437
_bsvkpo614023
949 _6270001000581967
_asvkbbB 57527
_bsvkbbm 772820
949 _62889332680
_asavukPV 25188
_bsavuk2017/4640
999 _c23472
_d23472